Calineczka i inne baśnie /
Spremljeno u:
| Glavni autor: | |
|---|---|
| Autor kompanije: | |
| Daljnji autori: | |
| Format: | Knjiga |
| Jezik: | poljski |
| Izdano: |
Warszawa :
"Książka i Wiedza",
1985
|
| Izdanje: | [Wyd. 14 i. e. 1 w tym wyborze]. |
| Teme: | |
| Oznake: |
Bez oznaka, Budi prvi tko označuje ovaj zapis!
|
MARC
| LEADER | 00000nam a2200000 i 4500 | ||
|---|---|---|---|
| 001 | 991007420519705066 | ||
| 005 | 20260515140228.0 | ||
| 008 | 981023s1985 pl a |000 1 pol | ||
| 020 | |a 8305115984 | ||
| 035 | |a 991007420519705066 | ||
| 035 | |a (PL-WaBN)b11925644-48omnis_nlop | ||
| 035 | |a b11925644 | ||
| 035 | |a (OCoLC)802656113 | ||
| 035 | |a xx002175979 | ||
| 035 | |a (PL)b0000001192564 | ||
| 035 | |a (EXLNZ-48OMNIS_NETWORK)9910057048505606 | ||
| 040 | |a WA N |c WA N | ||
| 041 | 0 | |a pol | |
| 080 | |a 839.8-93 | ||
| 090 | |c 111 |d 110 | ||
| 100 | 1 | |a Andersen, Hans Christian |d (1805-1875) | |
| 245 | 1 | 0 | |a Calineczka i inne baśnie / |c J. Ch. Andersen ; [tł. z niem. i duń. ; oprac. graf. Anna Malanowska]. |
| 246 | 1 | |i Tyt. oryg.: |a Torume lise | |
| 250 | |a [Wyd. 14 i. e. 1 w tym wyborze]. | ||
| 260 | |a Warszawa : |b "Książka i Wiedza", |c 1985 |e (Koszal. : |f Pras.ZG). | ||
| 300 | |a 63, [1] s. : |b il. ; |c 24 cm. | ||
| 546 | |a Tł. z duń. i niem. | ||
| 650 | 7 | |a Literatura dziecięca duńska |y 19 w. | |
| 700 | 1 | |a Malanowska, Anna |e Il. | |
| 710 | 2 | |a Spółdzielnia Wydawniczo-Handlowa "Książka i Wiedza" | |
| 920 | |a 83-05-11598-4 zł 40 | ||
| 942 | |c K | ||
| 952 | |0 0 |1 0 |4 0 |6 R__6_000000000000000 |7 0 |9 105 |a RYT |b RYT |d 2026-05-12 |e 1/2014 |g 10.00 |l 0 |o R.6 |p 2000000000060 |r 2026-05-15 14:02:28 |w 2026-05-15 |y BK |z da | ||
| 999 | |c 105 |d 105 | ||